书目信息 |
| 题名: |
胜利
|
|
| 作者: | 崔西, 著 ;王德忠 , 李萌 译 | |
| 分册: | ||
| 出版信息: | 北京 电子工业出版社 2003.10 |
|
| 页数: | 241页 | |
| 开本: | 23cm | |
| 丛书名: | ||
| 单 册: | ||
| 中图分类: | B825 | |
| 科图分类: | ||
| 主题词: | 军事战略--应用--个人--修养 | |
| 电子资源: | ||
| ISBN: | 7-5053-9194-1 | |
| 000 | 01033nam0 22002652 450 | |
| 001 | 192004003010 | |
| 005 | 20070906102937.68 | |
| 010 | @a7-5053-9194-1@dCNY25.00 | |
| 100 | @a20070601d2003 ekmy0chiy0121 ea | |
| 101 | 1 | @achi@ceng |
| 102 | @aCN@b110000 | |
| 105 | @ay z 000yy | |
| 200 | 1 | @a胜利@Asheng li@d= Victory@f(美) 博恩·崔西著@g王德忠, 李萌译@zeng |
| 210 | @a北京@c电子工业出版社@d2003.10 | |
| 215 | @a241页@d23cm | |
| 300 | @a并列题名:Victory | |
| 330 | @a本书作者通过对世界军事史上一些经典战役的分析,提炼出12条重要的军事战略原则,并将其应用于人们的工作和生活中。通过本书,读者将学会如何进行战略性的思考和规划、如何集中自己的人力和其他资源、如何利用机会、如何避免失利、如何更有效地与他人合作,以及如何最大限度地提高自己取得巨大成功的能力。 | |
| 510 | 1 | @aVictory@zeng |
| 606 | 0 | @a军事战略@x应用@x个人@x修养 |
| 690 | @aB825@v4 | |
| 701 | 1 | @a崔西,@Acui xi@bB.@g(Tracy, Brain)@e美@4著 |
| 702 | 0 | @a王德忠@Awang de zhong@4译 |
| 702 | 0 | @a李萌@Ali meng@4译 |
| 801 | 0 | @aCN@c20070906 |
| 905 | @dB825@eC976 | |
| 胜利= Victory/(美) 博恩·崔西著/王德忠, 李萌译.-北京:电子工业出版社,2003.10 |
| 241页;23cm |
| 并列题名:Victory |
| ISBN 7-5053-9194-1:CNY25.00 |
| 本书作者通过对世界军事史上一些经典战役的分析,提炼出12条重要的军事战略原则,并将其应用于人们的工作和生活中。通过本书,读者将学会如何进行战略性的思考和规划、如何集中自己的人力和其他资源、如何利用机会、如何避免失利、如何更有效地与他人合作,以及如何最大限度地提高自己取得巨大成功的能力。 |
| ● |
| 相关链接 |
|
|
|
正题名:胜利
索取号:B825/C976
 
预约/预借
| 序号 | 登录号 | 条形码 | 馆藏地/架位号 | 状态 | 备注 |
| 1 | 619826 | 206198265 | 社科库509/509社科库 29排2列4层/ [索取号:B825/C976] | 在馆 | |
| 2 | 619827 | 206198274 | 社科库509/509社科库 29排2列4层/ [索取号:B825/C976] | 在馆 | |
| 3 | 619828 | 206198283 | 社科库509/509社科库 29排2列4层/ [索取号:B825/C976] | 在馆 |